Cactus & Roses: An Autobiography (Record no. 7798)

MARC details
000 -LEADER
fixed length control field 00340nam a22001457a 4500
005 - DATE AND TIME OF LATEST TRANSACTION
control field 20260408162258.0
008 - FIXED-LENGTH DATA ELEMENTS--GENERAL INFORMATION
fixed length control field 210326b ||||| |||| 00| 0 eng d
041 ## - LANGUAGE CODE
Language code of text/sound track or separate title eng
082 ## - DEWEY DECIMAL CLASSIFICATION NUMBER
Classification number 338.092
100 ## - MAIN ENTRY--AUTHOR NAME
Personal name KIRLOSKAR, S.L.
245 ## - TITLE STATEMENT
Title Cactus & Roses: An Autobiography
300 ## - PHYSICAL DESCRIPTION
Number of Pages 358,p
650 ## - SUBJECT ADDED ENTRY--TOPICAL TERM
Topical Term Biography
942 ## - ADDED ENTRY ELEMENTS (KOHA)
Koha item type Books
Holdings
Lost status Damaged status Collection code Home library Current library Shelving location Date acquired Source of acquisition Full call number Accession Number Koha item type
    LIFE SKILL JRU Library JRU Library SHELF-101-F 26/03/2021 DONATION 338.092 25811 Books